El `PPH' una estrategia de apoyo a la transición familia-escuela.

Gespeichert in:
Bibliographische Detailangaben
1. Verfasser: Valdés, Ximena (autor)
Format: Buch
Sprache:Spanisch
Schlagworte:
Online-Zugang:Ver documento en línea
Tags: Tag hinzufügen
Keine Tags, Fügen Sie das erste Tag hinzu!

MARC

LEADER 00000cam^a2200000uu^4500
001 000526139
005 20260413000000.0
008 052102s2003^^^^^^^^^^^^rd^r^1000^0^spa^d
009 20260413114836.769
035 |a FCE 000070384 
037 |a Acervo ITESO - Biblioteca 
041 |a spa 
095 |a CD 393 
100 |a Valdés, Ximena  |e (autor) 
245 1 0 |a El `PPH' una estrategia de apoyo a la transición familia-escuela.  |h [recurso electrónico] 
264 |a Santiago de Chile :  |b Edit. Norma,  |c 1994. 
300 |a 1 disco compacto (pp. 91-98) :  |c 4 3/4 pulg. 
336 |a texto  |b txt  |2 rdacontenido 
337 |a sin mediación  |b n  |2 rdamedio 
338 |a volumen  |b nc  |2 rdasoporte 
649 |a XX 
650 |a Desarrollo del niño 
650 |a Relación padres-hijos 
650 |a Educación preescolar 
650 |a Programas de educación de los padres 
650 |a Chile 
740 |t En: Articulación entre la Educación Parvularia y la Educación General Básica: Un desafío. 
740 |t Reduc: Documentos electrónicos. 
856 4 0 |u https://biblioteca.uahurtado.cl/ujah/reduc/pdf/pdf/7640.pdf  |y Ver documento en línea 
910 |a Fondo Centro de Estudios Educativos 
920 |a Impresos - Libros 
930 |a Fondos Especiales 
905 |a 133 
902 |a https://opac.biblio.iteso.mx/vufind/Record/000526139